000 00460nam a2200181Ia 4500
001 22383
005 20260414150827.0
008 260414t2013||||xx |||||||||||||| ||spa||
041 _aESP
082 _a621.38
_bP68
100 _aPu, Di
_eAUT
245 0 _aDigital communication systems engineering with software-defined radio
_b
260 _c2013
300 _axv, 289 páginas :
_c26 cm.
650 _aTCA
654 _aCET
942 _cLIB
_dJUS
_fJUS
_2ddc
_n
999 _c22383
_d22383